01126nam a2200229 a 450000100060000000300090000600800410001502000150005604000280007108200190009910000670011824500400018526000390022530000150026450503130027959000470059265000320063965000300067194200120070199900170071395201660073018799CO-ViMGA141112s2004 ck r 000 u spa d a9581402799 aCO-ViMGAbspacCO-ViMGA04a398.20986 O2151 aOcampo López, Javier; Casas Ochoa, Jorge Alberto, il.92682810aLeyendas de siempre : bColombianas aBogotá : bPlaza y Janes, c1996 a146 p. il. aLeyendas cundiboyacenses : El Dorado y otros Leyendas Santandereanas : el jinete negro y otros Leyendas de antioquia : cacique nutibara y otros Leyendas del Tolima y del Huila : la gaitana y otros Leyendas del Cauca Leyendas de la costa : la india catalina y otros Leyendas del Oriente : Yurupari, Caribabare aForma de adquisición : Premio Mincultura14aLEYENDAS COLOMBIANAS92247414aLITERATURA INFANTIL92746 2ddccBK c28028d28028 00102ddc40708003aMEVIECARbMEVIECARd2015-12-04hVolumen. 1 | 11/jun/2009l1o398.20986 O215 p18799r2022-10-14 00:00:00s2017-06-14tEj. 1w2015-12-04yBK